|
|
|
|
| LEADER |
00751cam a2200205 7i4500 |
| 001 |
0000003621 |
| 005 |
20170218090000.0 |
| 020 |
|
|
|a 0201764369 (pbk.)
|
| 020 |
|
|
|a 9780201764369
|
| 090 |
0 |
0 |
|a QA76.625
|b .L37 2002
|
| 100 |
1 |
|
|a Lash, David A
|
| 245 |
1 |
4 |
|a The Web Wizard's guide to Perl and CGI
|c David A. Lash.
|
| 260 |
|
|
|a Boston:
|b Addison Wesley,
|c 2002.
|
| 300 |
|
|
|a x, 230 p.:
|b col. ill.;
|c 23 cm.
|
| 490 |
0 |
|
|a Addison Wesley's Web wizard series
|
| 504 |
|
|
|a Includes bibliographical references and index
|
| 650 |
0 |
0 |
|a CGI (Computer network protocol)
|
| 650 |
0 |
0 |
|a Perl (Computer program language)
|
| 997 |
|
|
|a Communication, Visual Art & Computing, Faculty
|b Computing, Department
|
| 999 |
|
|
|a 0000003335
|b BOK
|c OPEN SHELF
|e 2nd Floor, Bestari Jaya
|